Statistics for Name the International Vehicle Registration Code

Click here to take the quiz!

General Stats

  • This quiz has been taken 13 times
  • The average score is 87 of 181

Answer Stats

AreaCode% Correct
AustriaA
100%
AlbaniaAL
100%
AfghanistanAFG
90%
AndorraAND
90%
AustraliaAUS
90%
AzerbaijanAZ
90%
GermanyD
90%
IndiaIND
90%
LuxembourgL
90%
MaltaM
90%
United StatesUSA
90%
Vatican CityV
90%
BelgiumB
80%
BoliviaBOL
80%
BrazilBR
80%
CubaC
80%
Czech RepublicCZ
80%
EcuadorEC
80%
EstoniaEST
80%
FranceF
80%
FinlandFIN
80%
United KingdomGB
80%
GreeceGR
80%
HungaryH
80%
ItalyI
80%
JapanJ
80%
JamaicaJA
80%
MexicoMEX
80%
New ZealandNZ
80%
PortugalP
80%
RomaniaRO
80%
RussiaRUS
80%
SwedenS
80%
SloveniaSLO
80%
SyriaSYR
80%
TurkeyTR
80%
United Arab EmiratesUAE
80%
ZambiaZ
80%
BulgariaBG
70%
BruneiBRU
70%
British Virgin IslandsBVI
70%
SwitzerlandCH
70%
Costa RicaCR
70%
CyprusCY
70%
DenmarkDK
70%
SpainE
70%
EritreaER
70%
EthiopiaETH
70%
GeorgiaGE
70%
GhanaGH
70%
CroatiaHR
70%
IranIR
70%
KazakhstanKZ
70%
LaosLAO
70%
LithuaniaLT
70%
NorwayN
70%
NamibiaNAM
70%
NauruNAU
70%
NepalNEP
70%
PanamaPA
70%
PeruPE
70%
PakistanPK
70%
PolandPL
70%
QatarQ
70%
SlovakiaSK
70%
SomaliaSO
70%
SeychellesSY
70%
ThailandT
70%
UzbekistanUZ
70%
ArmeniaAM
60%
Burkina FasoBF
60%
Bosnia and HerzegovinaBIH
60%
BahamasBS
60%
CameroonCAM
60%
ColombiaCO
60%
El SalvadorES
60%
GabonG
60%
IrelandIRL
60%
LatviaLV
60%
MonacoMC
60%
MoldovaMD
60%
NicaraguaNIC
60%
NetherlandsNL
60%
Papua New GuineaPNG
60%
RwandaRWA
60%
SingaporeSGP
60%
SerbiaSRB
60%
SudanSUD
60%
TajikistanTJ
60%
Trinidad and TobagoTT
60%
Dominican RepublicDOM
50%
GuyanaGUY
50%
IcelandIS
50%
MoroccoMA
50%
MalaysiaMAL
50%
MalawiMW
50%
Netherlands AntillesNA
50%
TogoTG
50%
TurkmenistanTM
50%
UruguayUY
50%
VietnamVN
50%
ZimbabweZW
50%
BangladeshBD
40%
MyanmarBUR
40%
BotswanaBW
40%
Ivory CoastCI
40%
EgyptET
40%
HondurasHN
40%
IsraelIL
40%
IraqIRQ
40%
LiberiaLB
40%
North MacedoniaNMK
40%
ParaguayPY
40%
TunisiaTN
40%
UkraineUA
40%
South AfricaZA
40%
BahrainBRN
30%
BelarusBY
30%
CanadaCDN
30%
AlgeriaDZ
30%
FijiFJI
30%
Faroe IslandsFO
30%
LesothoLS
30%
MontenegroMNE
30%
SenegalSN
30%
BarbadosBDS
20%
Democratic Republic of the CongoCGO
20%
LiechtensteinFL
20%
AlderneyGBA
20%
GuernseyGBG
20%
JerseyGBJ
20%
Isle of ManGBM
20%
GibraltarGBZ
20%
CambodiaK
20%
KyrgyzstanKS
20%
Saudi ArabiaKSA
20%
KuwaitKWT
20%
MongoliaMGL
20%
TaiwanRC
20%
Central African RepublicRCA
20%
ChileRCH
20%
KosovoRKS
20%
South KoreaROK
20%
ChadTCH/TD
20%
SamoaWS
20%
BelizeBH
10%
Sri LankaCL
10%
BeninDY
10%
KenyaEAK
10%
TanzaniaEAT
10%
UgandaEAU
10%
ZanzibarEAZ
10%
PhilippinesEP
10%
MozambiqueMOC
10%
ArgentinaRA
10%
Republic of the CongoRCB
10%
HaitiRH
10%
IndonesiaRI
10%
MauritaniaRIM
10%
San MarinoRSM
10%
BurundiRU
10%
SurinameSME
10%
GambiaWAG
10%
Sierra LeoneWAL
10%
NigeriaWAN
10%
DominicaWD
10%
GrenadaWG
10%
Saint LuciaWL
10%
Saint Vincent and the GrenadinesWV
10%
NigerEN
0%
GuatemalaGCA
0%
JordanHKJ
0%
LibyaLAR
0%
MauritiusMS
0%
GuineaRG
0%
LebanonRL
0%
MadagascarRM
0%
MaliRMM
0%
EswatiniSD
0%
YemenYAR
0%
VenezuelaYV
0%

Score Distribution

Percentile by Number Answered

Percent of People with Each Score

Your Score History

You have not taken this quiz